000 00800nam a2200241Ia 4500
003 OSt
005 20220926005149.0
006 a|||||r|||| 00| 0
007 ta
008 220923b |||||||| |||| 00| 0 eng d
020 _a9789386446077
_c695.00
037 _bRKBA/09-10/5821, 22/01/2018, RAJKIRAN BOOK AGENCY
_cGeneral Book
040 _aRTL
_cRTL
_beng
041 _2eng
_aeng
082 _aY9(O):(Z).2, Q7
100 _aCHANDRAN Mini
_9309814
245 0 _aWriter, the reader and the state
_b Literary censorship in India
260 _a New Delhi
_bSage Publications
_c2017
300 _axxxv,190p
_ccm.
650 _aSociology
942 _hY9(O):(Z).2, Q7
_cGB
_2CC
999 _c613109
_d613109